书目信息 |
| 题名: |
擒拿法真传秘诀
|
|
| 作者: | 徐畏三 口述 ;金倜生 笔记 | |
| 分册: | ||
| 出版信息: | 北京 北京市中国书店 1984.12 |
|
| 页数: | 124页 | |
| 开本: | 19cm | |
| 丛书名: | ||
| 单 册: | ||
| 中图分类: | R244.1 | |
| 科图分类: | ||
| 主题词: | 中医学:临床医学 | |
| 电子资源: | ||
| ISBN: | ||
| 000 | 00587nam0 2200193 45 | |
| 001 | 0181013091 | |
| 005 | 20060424142322.03 | |
| 010 | @dCNY0.70 | |
| 100 | @a20810111d km y0chiy0120 ea | |
| 101 | 0 | @achi |
| 200 | 1 | @a擒拿法真传秘诀@Aqin na fa zhen zhuan mi jue@f徐畏三口述@Fxu wei san kou shu@g金倜生笔记@Gjin ti sheng bi ji |
| 210 | @a北京@c北京市中国书店@d1984.12 | |
| 215 | @a124页@d19cm | |
| 606 | 0 | @a中医学:临床医学 |
| 690 | @aR244.1 | |
| 701 | 0 | @a徐畏三@Axu wei san@4口述 |
| 702 | 0 | @a金倜生@Ajin ti sheng@4笔记 |
| 801 | @aCN@bTSTC@c20060424 | |
| 905 | @dR244.1@f1@b129368@e28 | |
| 擒拿法真传秘诀/徐畏三口述/金倜生笔记.-北京:北京市中国书店,1984.12 |
| 124页;19cm |
| ISBN :CNY0.70 |
| ● |
| 相关链接 |
|
|
|
|
正题名:擒拿法真传秘诀
索取号:R244.1/28
 
预约/预借
| 序号 | 登录号 | 条形码 | 馆藏地/架位号 | 状态 | 备注 |
| 1 | 0129368 | 000792137 | 第三借阅区/ [索取号:R244.1/28] | 在馆 | |
| 2 | 0129369 | 202253738 | 密集书库/ [索取号:R244.1/28] | 在馆 | |
| 3 | 0129370 | 000711439 | 第二样本阅览室/ [索取号:R244.1/28] | 在馆 |